00358nam a2200145 a 45000010005000000030009000050080041000140400028000550820016000831000021000992450036001202600032001563000010001886500014001984784CO-ViMGA141112s2004 ck r 000 u spa d aCO-ViMGAbspacCO-ViMGA04a647.94 S8171 aSuárez, Rafael10aLa hotelería de carne y hueso aMexico : bPanorama, c1992 a159 p14aHOTELERIA